Statistics for Top 10 Cleanest Countries

Click here to take the quiz!

General Stats

  • This quiz has been taken 150 times
  • The average score is 7 of 10

Answer Stats

HintAnswer% Correct
4EuropeNorway
89%
2EuropeSweden
88%
#10AsiaSingapore
81%
3EuropeSwitzerland
80%
1EuropeIceland
74%
8EuropeAustria
65%
7EuropeFrance
60%
9CaribbeanCuba
59%
6Central AmericaCosta Rica
57%
5AfricaMauritius
32%

Score Distribution

Percentile by Number Answered

Percent of People with Each Score

Your Score History

You have not taken this quiz